000 00324nam a22001337a 4500
008 250806b |||||||| |||| 00| 0 eng d
020 _a0517574780
050 _aHD 58.8
_b.B45
100 _aBELASCO JAMES
245 _aTEACHING THE ELEPHANT TO DANCE
260 _aUSA
_bJAMES A BELASCO
_c1990
300 _a276p.
942 _cBK
999 _c4434
_d4434